| 000 | 00626nam a2200217Ia 4500 | ||
|---|---|---|---|
| 003 | GCL | ||
| 008 | 140319s9999 xx 000 0 ara d | ||
| 040 |
_aGCL / _cGCL |
||
| 082 | 0 | 4 |
_a260 _bع ر |
| 100 | 1 | _aمعروف زريق | |
| 245 | 1 | 0 |
_aالرسالة القشيرية فى علم التصوف / _cمعروف زريق |
| 700 | 1 | _aعبدالكريم القشيرى | |
| 700 | 1 | _aمعروف زريعير | |
| 260 |
_a[S.N] : _bدار الجيل ، _c1990 |
||
| 300 | _a477 ص | ||
| 490 | _a | ||
| 650 | 0 | 4 | _aالاسلام |
| 650 | 0 | 4 | _aالتصوف الاسلامى |
| 650 | 0 | 4 | _aالتصوف |
| 942 |
_2ddc _cBK |
||
| 999 |
_c28901 _d28901 |
||